000 01009nam a22002657a 4500
001 36716
003 BD-RjUL
005 20211209052527.0
008 160804s1973 bg ||||| |||| 00| 0 ben d
035 _a(BD-RjUL) 36817
040 _aBD-RjUL
_bben
_cBD-RjUL
041 _aben
082 _a321.07
_bPLP 1973
100 _aপ্লেটো
_9119817
245 1 0 _aপ্লেটোর রিপাবলিক /
_cপ্লেটো; সৈয়দ মকসুদ আলী অনুদিত,
260 _aঢাকা :
_bবাংলা একাডেমী,
_c১৯৭৩
300 _a[১০], ৩৭০ পৃ. ;
_c২২সেমি.
504 _aতথ্য নিদেশ সংযুক্ত
600 _aপ্লেটো
_tরিপাবলিক
_9119814
600 _aPlato
_tRrepublic
_9119818
650 _aরিপাবলিক
_9111972
650 _aRepublic
_9111973
700 _aআলী, সৈয়দ মকসুদ, অনু.
_9111974
942 _2ddc
_cBK
_01
999 _c36716
_d36716